Statystyki dla Państwa, które mają tylko jednego sąsiada

Kliknij tutaj aby rozwiązać quiz!

Ogólne statystyki

  • Ten quiz został rozwiązany 344 razy
    (312 od ostatniego zresetowania)
  • Średni wynik to 10 z 17

Statystyki odpowiedzi

Państwo% Poprawnych
Watykan
84%
Portugalia
81%
San Marino
81%
Irlandia
80%
Kanada
73%
Dania
70%
Wielka Brytania
70%
Korea Południowa
69%
Monako
68%
Lesotho
62%
Dominikana
49%
Haiti
48%
Papua-Nowa Gwinea
45%
Singapur
43%
Timor Wschodni
40%
Brunei
39%
Gambia
34%

Rozkład punktacji

Percentyl według liczby udzielonych odpowiedzi

Procent ludzi z każdym wynikiem

Twoja historia wyników

Nie rozwiązałeś tego quizu od ostatniego zresetowania